Evaporation of two liquid droplets moving sequentially through high-temperature combustion products; Thermophysics and Aeromechanics; Vol. 21, iss. 2

Detalles Bibliográficos
Parent link:Thermophysics and Aeromechanics: Scientific Journal.— , 1994-
Vol. 21, iss. 2.— 2014.— [P. 255-258]
Autor principal: Volkov R. S. Roman Sergeevich
Autor Corporativo: Национальный исследовательский Томский политехнический университет Энергетический институт Кафедра автоматизации теплоэнергетических процессов
Otros Autores: Kuznetsov G. V. Geny Vladimirovich, Strizhak P. A. Pavel Alexandrovich
Sumario:Title screen
We have performed an experimental study of the evaporation intensity for droplets in atomized-liquid flow moving through a flame of fixed height. Integral characteristics of the atomized-liquid evaporation process were evaluated. Evaporation of two water droplets moving sequentially one after the other through high-temperature combustion products is analyzed. A comparison of obtained data with available theoretical predictions is given.
Режим доступа: по договору с организацией-держателем ресурса
Lenguaje:inglés
Publicado: 2014
Materias:
Acceso en línea:http://dx.doi.org/10.1134/S0869864314020127
Formato: Electrónico Capítulo de libro
KOHA link:https://koha.lib.tpu.ru/cgi-bin/koha/opac-detail.pl?biblionumber=649438

MARC

LEADER 00000naa0a2200000 4500
001 649438
005 20250305132742.0
035 |a (RuTPU)RU\TPU\network\14600 
035 |a RU\TPU\network\14599 
090 |a 649438 
100 |a 20160713d2014 k||y0rusy50 ba 
101 0 |a eng 
102 |a US 
135 |a drnn ---uucaa 
181 0 |a i  
182 0 |a b 
200 1 |a Evaporation of two liquid droplets moving sequentially through high-temperature combustion products  |f R. S. Volkov, G. V. Kuznetsov, P. A. Strizhak 
203 |a Text  |c electronic 
300 |a Title screen 
320 |a [References: p. 258 (8 tit.)] 
330 |a We have performed an experimental study of the evaporation intensity for droplets in atomized-liquid flow moving through a flame of fixed height. Integral characteristics of the atomized-liquid evaporation process were evaluated. Evaporation of two water droplets moving sequentially one after the other through high-temperature combustion products is analyzed. A comparison of obtained data with available theoretical predictions is given. 
333 |a Режим доступа: по договору с организацией-держателем ресурса 
461 |t Thermophysics and Aeromechanics  |o Scientific Journal  |d 1994- 
463 |t Vol. 21, iss. 2  |v [P. 255-258]  |d 2014 
610 1 |a электронный ресурс 
610 1 |a труды учёных ТПУ 
610 1 |a капли 
610 1 |a жидкость 
610 1 |a продукты сгорания 
610 1 |a тепломассообмен 
610 1 |a диагностика 
610 1 |a методы 
610 1 |a испарение 
610 1 |a распыление 
700 1 |a Volkov  |b R. S.  |c specialist in the field of power engineering  |c Associate Professor of the Tomsk Polytechnic University, candidate of technical Sciences  |f 1987-  |g Roman Sergeevich  |3 (RuTPU)RU\TPU\pers\33926  |9 17499 
701 1 |a Kuznetsov  |b G. V.  |c Specialist in the field of heat power energy  |c Professor of Tomsk Polytechnic University, Doctor of Physical and Mathematical Sciences  |f 1949-  |g Geny Vladimirovich  |3 (RuTPU)RU\TPU\pers\31891  |9 15963 
701 1 |a Strizhak  |b P. A.  |c Specialist in the field of heat power energy  |c Doctor of Physical and Mathematical Sciences (DSc), Professor of Tomsk Polytechnic University (TPU)  |f 1985-  |g Pavel Alexandrovich  |3 (RuTPU)RU\TPU\pers\30871  |9 15117 
712 0 2 |a Национальный исследовательский Томский политехнический университет  |b Энергетический институт  |b Кафедра автоматизации теплоэнергетических процессов  |3 (RuTPU)RU\TPU\col\18678  |9 27131 
801 2 |a RU  |b 63413507  |c 20160713  |g RCR 
856 4 |u http://dx.doi.org/10.1134/S0869864314020127 
942 |c CF